| 000 | 00925nam a2200241 i 4500 | ||
|---|---|---|---|
| 001 | 86369 | ||
| 003 | ES-MaACL | ||
| 005 | 20250727021734.0 | ||
| 007 | t| | ||
| 008 | 041209s1975 mx |||| | spa d | ||
| 100 | 1 |
_aKardiner, Abram. _967555 |
|
| 245 | 1 | 3 |
_aEl individuo y su sociedad _b: la psicodinámica de la organización social primitiva / _cAbram Kardiner ; prólogo y dos informes etnológicos de Ralph Linton ; [traducción de Adolfo Álvarez Buylla]. |
| 260 |
_aMéxico : _bFondo de Cultura Económica, _c1975. |
||
| 300 |
_a450 p. ; _c23 cm. |
||
| 490 | 1 | _aObras de sociología | |
| 650 | 0 | 4 |
_aIndividuo y sociedad. _9178816 |
| 650 | 7 |
_aAntropología cultural y social _2embne _99867 |
|
| 700 | 1 |
_aLinton, Ralph. _972468 |
|
| 700 | 1 |
_aBuylla y González Alegre, Adolfo A., _d1850-1927 _932991 |
|
| 830 | 0 |
_aObras de sociología _9189003 |
|
| 852 |
_aES-MaACL _jE-2302 |
||
| 999 |
_c86369 _d86369 |
||